Del artesano al obrero fabril /

Na minha lista:
Detalhes bibliográficos
Autor principal: Santos Costa, Raimundo Nonato
Outros Autores: Herrera, Lilliana
Formato: Texto
Publicado em: San Pedro: Porvenir
Tags: Adicionar Tag
Sem tags, seja o primeiro a adicionar uma tag!

MARC

LEADER 00000 a a2200000 04500
001 24954
003
040
090 |a 175900  
100 |a Santos Costa, Raimundo Nonato  
245 |a Del artesano al obrero fabril /  |c Raimundo Nonato Santos Costa 
260 |a San Pedro:   |b Porvenir  
300 |a 162 p   |b **no definido**  
700 |a Herrera, Lilliana  
999 |c 6200  |d 6200